Bordering Countries By Clue #2 - Statistics

General Stats
  • This quiz has been taken 22 times
  • The average score is 17 of 20
Answer Stats
Hint Answer % Correct
The smallest of the "stan" countries Tajikistan
100%
Has a very great wall China
95%
Formerly known as Burma (new name only) Myanmar
95%
The only doubly-landlocked country in Asia Uzbekistan
95%
The Olympics started here Greece
90%
Newest country in Europe Kosovo
90%
Formerly didn't have "North" in its name North Macedonia
90%
Only country in Europe that uses the death penalty Belarus
86%
Jeans were invented in this Baltic state Latvia
86%
Home to the world's tallest twin skyscrapers Malaysia
86%
Least visited country in Europe Moldova
86%
Red Bull was inspired by a drink here Thailand
86%
Largest country in Europe (besides Russia) Ukraine
86%
Has the most living languages of any country Papua New Guinea
81%
Home to the Danube Delta Romania
81%
The word "Vampire" came from this country Serbia
81%
Tulips originated in this country Turkey
81%
First Asian country to qualify for the FIFA World Cup Indonesia
76%
Known as the country with the world's best caviar Iran
76%
Formerly had a ban on opera and ballet Turkmenistan
76%
No matching quizzes found
Score Distribution
Percent of People with Each Score
Percentile by Number Answered
Your Score History
You have not taken this quiz